[Event "Aarhus CC 100 ann op"]
[Site "Aarhus"]
[Date "2003.09.07"]
[Round "7"]
[White "Andersen, Jackie"]
[Black "Hoiberg, Nina"]
[Result "1-0"]
[WhiteElo "2275"]
[BlackElo "2217"]
[PlyCount "79"]
[EventDate "2003.08.??"]
[EventType "swiss"]
[EventRounds "7"]
[EventCountry "DEN"]
[SourceTitle "EXT 2006"]
[Source "ChessBase"]
[SourceDate "2005.11.24"]

1. d4 d6 2. c4 e5 3. Nc3 Nc6 4. d5 Nce7 5. e4 g6 6. g4 f5 7. gxf5 gxf5 8. Bh3
f4 9. Bxc8 Qxc8 10. Nf3 Bh6 11. c5 Qd7 12. Qb3 c6 13. cxd6 Qxd6 14. dxc6 Nxc6
15. Bd2 O-O-O 16. O-O-O Kb8 17. Be3 Qc7 18. Bc5 Nf6 19. Qe6 Nd4 20. Nxd4 Qxc5
21. Nb3 Qc6 22. Qxe5+ Ka8 23. Nd4 Qb6 24. Ne6 Ng4 25. Qf5 Rxd1+ 26. Rxd1 Nxf2
27. Qe5 f3+ 28. Kb1 Rg8 29. Nc7+ Qxc7 30. Qxc7 Nxd1 31. Nxd1 f2 32. Qc4 Rf8 33.
Qf1 Bg5 34. Kc2 Rf3 35. e5 Kb8 36. e6 Rf8 37. Nxf2 Bh4 38. Kd3 Bxf2 39. e7 Rf3+
40. Kc2 1-0

[Event "Aarhus CC 100 ann op"]
[Site "Aarhus"]
[Date "2003.09.06"]
[Round "6"]
[White "Andersen, Jackie"]
[Black "Jacobsen, Bo"]
[Result "0-1"]
[WhiteElo "2275"]
[BlackElo "2234"]
[PlyCount "66"]
[EventDate "2003.08.??"]
[EventType "swiss"]
[EventRounds "7"]
[EventCountry "DEN"]
[SourceTitle "EXT 2006"]
[Source "ChessBase"]
[SourceDate "2005.11.24"]

1. e4 g6 2. d4 Bg7 3. Nc3 c6 4. Bc4 b5 5. Bb3 d6 6. Qf3 e6 7. Nge2 Nd7 8. h4 a5
9. a3 Ba6 10. Bg5 Bf6 11. d5 b4 12. dxe6 fxe6 13. Na4 Bxg5 14. hxg5 Bxe2 15.
Qxe2 Qxg5 16. Qc4 Ngf6 17. Qxe6+ Kd8 18. O-O Qe5 19. Rfd1 Kc7 20. Qxe5 Nxe5 21.
f4 Ned7 22. e5 dxe5 23. fxe5 Nxe5 24. Nc5 Ned7 25. Ne6+ Kb6 26. Rd6 Ne5 27. Re1
Nfg4 28. Ba4 Rhe8 29. Re4 bxa3 30. bxa3 h5 31. Bb3 Re7 32. Ra4 Rae8 33. Rf4 Nf7
0-1

[Event "Aarhus CC 100 ann op"]
[Site "Aarhus"]
[Date "2003.09.04"]
[Round "4"]
[White "Andersen, Jackie"]
[Black "Nielsen, Steffen"]
[Result "1-0"]
[WhiteElo "2275"]
[BlackElo "2145"]
[PlyCount "63"]
[EventDate "2003.08.??"]
[EventType "swiss"]
[EventRounds "7"]
[EventCountry "DEN"]
[SourceTitle "EXT 2006"]
[Source "ChessBase"]
[SourceDate "2005.11.24"]

1. d4 Nf6 2. Nf3 g6 3. c4 Bg7 4. Nc3 d6 5. Bg5 O-O 6. e3 Nbd7 7. Qc2 e5 8. dxe5
dxe5 9. Rd1 Re8 10. Nd2 c6 11. Nde4 Qc7 12. Nd6 Re6 13. Nxc8 Rxc8 14. Be2 Ree8
15. O-O Nc5 16. Bh4 a5 17. a3 Qb6 18. Rd6 Re6 19. Rxe6 Nxe6 20. Na4 Qc7 21. c5
Nd5 22. Bc4 Bf8 23. Ba2 Ng7 24. Qc4 Re8 25. Rd1 e4 26. Nb6 Re6 27. Nxd5 cxd5
28. Rxd5 Re8 29. Bd8 Qc8 30. Rd6 Bxd6 31. Qxf7+ Kh8 32. Bf6 1-0

[Event "Aarhus CC 100 ann op"]
[Site "Aarhus"]
[Date "2003.08.30"]
[Round "2"]
[White "Andersen, Jackie"]
[Black "Lindfeldt, Jan Magnus"]
[Result "0-1"]
[WhiteElo "2275"]
[BlackElo "2252"]
[PlyCount "138"]
[EventDate "2003.08.??"]
[EventType "swiss"]
[EventRounds "7"]
[EventCountry "DEN"]
[SourceTitle "EXT 2006"]
[Source "ChessBase"]
[SourceDate "2005.11.24"]

1. e4 g6 2. d4 Bg7 3. Nc3 a6 4. h4 h5 5. Nh3 b5 6. a4 b4 7. Na2 a5 8. c3 Ba6 9.
cxb4 Bxf1 10. Kxf1 Nc6 11. Be3 Nxb4 12. Nxb4 axb4 13. Qb3 Nf6 14. f3 O-O 15.
Nf4 e6 16. Qxb4 Rb8 17. Qa3 d5 18. e5 Nd7 19. a5 c5 20. Nd3 c4 21. Nb4 Qe7 22.
Bd2 f6 23. Qa4 Qf7 24. exf6 Nxf6 25. Rh3 Ne4 26. Be3 Qb7 27. Nc6 Qb3 28. Qxb3
Rxb3 29. Bc1 Kh7 30. a6 Nd6 31. f4 Rb6 32. Ne5 Nf5 33. Nd7 Rbb8 34. Rha3 Ra8
35. Nxf8+ Bxf8 36. Be3 Bxa3 37. Rxa3 Nxe3+ 38. Rxe3 Rxa6 39. b3 cxb3 40. Rxb3
Kg7 41. Kf2 Kf6 42. Kf3 Kf5 43. Re3 Ra4 44. Rd3 Rb4 45. g3 Ra4 46. Kf2 Kg4 47.
Re3 Ra2+ 48. Ke1 Kf5 49. Re5+ Kf6 50. Re3 Rb2 51. Kd1 Rb4 52. Rd3 Kf5 53. Kd2
Kg4 54. Ke1 Rb1+ 55. Kd2 Rg1 56. Re3 Rg2+ 57. Ke1 Rxg3 58. Rxe6 Kxf4 59. Kf2
Rg4 60. Re5 Rxh4 61. Rxd5 Rh2+ 62. Ke1 g5 63. Rd8 g4 64. d5 Ke5 65. d6 Ke6 66.
Kf1 h4 67. Rg8 g3 68. Rg6+ Kd7 69. Kg1 Kc6 0-1

[Event "Aarhus CC 100 ann op"]
[Site "Aarhus"]
[Date "2003.08.30"]
[Round "2"]
[White "Fries Nielsen, Jens Ove"]
[Black "Nielsen, Anders Bodholt"]
[Result "1-0"]
[WhiteElo "2453"]
[BlackElo "2186"]
[PlyCount "75"]
[EventDate "2003.08.??"]
[EventType "swiss"]
[EventRounds "7"]
[EventCountry "DEN"]
[SourceTitle "EXT 2006"]
[Source "ChessBase"]
[SourceDate "2005.11.24"]

1. e4 c5 2. Nf3 d6 3. d4 cxd4 4. Nxd4 Nf6 5. Nc3 a6 6. h3 Qc7 7. g4 e5 8. Nf5
h6 9. Bg2 b5 10. O-O Be6 11. Be3 Nbd7 12. Qd2 Nb6 13. b3 Rc8 14. Ne2 g6 15.
Nfg3 g5 16. Qa5 Nfd7 17. Qxa6 Qc6 18. Qa5 Be7 19. Rfd1 O-O 20. Rd2 Rc7 21. Qa3
Ra8 22. Qb2 b4 23. a4 bxa3 24. Rxa3 Rb8 25. Qa1 d5 26. Bxb6 Nxb6 27. exd5 Bxd5
28. Bxd5 Nxd5 29. Ra6 Nb6 30. Qxe5 Bb4 31. Nh5 f6 32. Nxf6+ Kf7 33. Nd4 Qc5 34.
Qe6+ Kg7 35. Nf5+ Kh8 36. Rxb6 Qxb6 37. Qxb6 Rxb6 38. Rd8+ 1-0

[Event "Aarhus CC 100 ann op"]
[Site "Aarhus"]
[Date "2003.09.04"]
[Round "4"]
[White "Fries Nielsen, Jens Ove"]
[Black "Rasmussen, Karsten"]
[Result "1/2-1/2"]
[WhiteElo "2453"]
[BlackElo "2437"]
[PlyCount "40"]
[EventDate "2003.08.??"]
[EventType "swiss"]
[EventRounds "7"]
[EventCountry "DEN"]
[SourceTitle "EXT 2006"]
[Source "ChessBase"]
[SourceDate "2005.11.24"]

1. Nf3 d5 2. g3 c6 3. Bg2 Bg4 4. O-O Nd7 5. d3 Ngf6 6. Nbd2 e5 7. e4 Bd6 8. h3
Bh5 9. Qe1 O-O 10. Nh4 Re8 11. a3 a5 12. b3 dxe4 13. dxe4 b5 14. Bb2 Nc5 15.
Kh1 Ne6 16. Nf5 a4 17. f4 exf4 18. e5 Bc5 19. exf6 Nd4 20. Qxe8+ Qxe8 1/2-1/2

[Event "Aarhus CC 100 ann op"]
[Site "Aarhus"]
[Date "2003.09.06"]
[Round "6"]
[White "Fries Nielsen, Jens Ove"]
[Black "Matthiesen, Martin"]
[Result "0-1"]
[WhiteElo "2453"]
[BlackElo "2260"]
[PlyCount "38"]
[EventDate "2003.08.??"]
[EventType "swiss"]
[EventRounds "7"]
[EventCountry "DEN"]
[SourceTitle "EXT 2006"]
[Source "ChessBase"]
[SourceDate "2005.11.24"]

1. e4 e5 2. Nc3 Nf6 3. f4 d5 4. fxe5 Nxe4 5. Qe2 Nc6 6. Nf3 Bf5 7. d3 Nxc3 8.
bxc3 d4 9. c4 Bb4+ 10. Kf2 O-O 11. Bg5 Qd7 12. a3 Bc5 13. Qd2 Rae8 14. Qf4 h6
15. h4 Bg4 16. Re1 f6 17. exf6 Rxe1 18. Kxe1 hxg5 19. hxg5 Bd6 0-1

[Event "Aarhus CC 100 ann op"]
[Site "Aarhus"]
[Date "2003.09.05"]
[Round "5"]
[White "Hagesaether, Torill"]
[Black "Nielsen, Steffen"]
[Result "1/2-1/2"]
[WhiteElo "2051"]
[BlackElo "2145"]
[PlyCount "47"]
[EventDate "2003.08.??"]
[EventType "swiss"]
[EventRounds "7"]
[EventCountry "DEN"]
[SourceTitle "EXT 2006"]
[Source "ChessBase"]
[SourceDate "2005.11.24"]

1. d4 Nf6 2. Nf3 g6 3. Nc3 Bg7 4. e4 d6 5. h3 O-O 6. Be3 c6 7. a4 Qa5 8. Bd3
Na6 9. O-O e5 10. Bxa6 bxa6 11. dxe5 dxe5 12. Qd6 Bb7 13. Qe7 Rab8 14. Nxe5 Ba8
15. Nc4 Qh5 16. Qxa7 Qh4 17. f3 Nh5 18. Bf2 Qf6 19. Ne2 c5 20. Qc7 Qe6 21. Ne3
Rfc8 22. Qa5 Bxb2 23. Rab1 f5 24. exf5 1/2-1/2

[Event "Aarhus CC 100 ann op"]
[Site "Aarhus"]
[Date "2003.08.30"]
[Round "2"]
[White "Hagesaether, Torill"]
[Black "Jensen, Jacob Bjerre"]
[Result "0-1"]
[WhiteElo "2051"]
[BlackElo "2194"]
[PlyCount "80"]
[EventDate "2003.08.??"]
[EventType "swiss"]
[EventRounds "7"]
[EventCountry "DEN"]
[SourceTitle "EXT 2006"]
[Source "ChessBase"]
[SourceDate "2005.11.24"]

1. e4 c6 2. c4 e5 3. Nf3 d6 4. d4 Nd7 5. Nc3 Ngf6 6. Be2 Be7 7. O-O O-O 8. Qd3
a6 9. a4 exd4 10. Nxd4 Nc5 11. Qc2 a5 12. Bf4 Qb6 13. Rfd1 Re8 14. Nf3 Bg4 15.
e5 dxe5 16. Bxe5 Bh5 17. Ne1 Bg6 18. Bd3 Nxd3 19. Nxd3 Nd7 20. Bf4 Nc5 21. Be3
Qb3 22. Qxb3 Nxb3 23. Ra2 Rad8 24. Nc1 Rxd1+ 25. Nxd1 Bb1 26. Nc3 Nxc1 27. Bxc1
Bxa2 28. Nxa2 Bc5 29. Kf1 Bd4 30. b4 axb4 31. Nxb4 Bc3 32. Nd3 Re4 33. c5 Rxa4
34. Be3 Bd4 35. Ke2 Bxe3 36. Kxe3 Kf8 37. g3 Ke7 38. f4 Ke6 39. h3 Ra3 40. Kd4
Rxd3+ 0-1

[Event "Aarhus CC 100 ann op"]
[Site "Aarhus"]
[Date "2003.09.07"]
[Round "7"]
[White "Hansen, Bjarne"]
[Black "Rossen, Claus"]
[Result "1-0"]
[WhiteElo "2230"]
[BlackElo "2202"]
[PlyCount "41"]
[EventDate "2003.08.??"]
[EventType "swiss"]
[EventRounds "7"]
[EventCountry "DEN"]
[SourceTitle "EXT 2006"]
[Source "ChessBase"]
[SourceDate "2005.11.24"]

1. d4 Nf6 2. c4 g6 3. Nc3 d5 4. Nf3 Bg7 5. Qd3 dxc4 6. Qxc4 O-O 7. e4 c6 8. Qb3
Qb6 9. Bc4 Qxb3 10. Bxb3 Bg4 11. Ne5 c5 12. dxc5 Nxe4 13. Nxg4 Nxc3 14. Nh6+
Bxh6 15. Bxh6 Ne4 16. Bxf8 Kxf8 17. Bd5 Nxc5 18. b4 e6 19. Bf3 Nd3+ 20. Kd2 Na6
21. Kxd3 1-0

[Event "Aarhus CC 100 ann op"]
[Site "Aarhus"]
[Date "2003.08.30"]
[Round "2"]
[White "Hansen, Bjarne"]
[Black "Nielsen, Steffen"]
[Result "1-0"]
[WhiteElo "2230"]
[BlackElo "2145"]
[PlyCount "91"]
[EventDate "2003.08.??"]
[EventType "swiss"]
[EventRounds "7"]
[EventCountry "DEN"]
[SourceTitle "EXT 2006"]
[Source "ChessBase"]
[SourceDate "2005.11.24"]

1. d4 Nf6 2. c4 g6 3. Nc3 Bg7 4. e4 d6 5. Bd3 Nbd7 6. Nge2 O-O 7. O-O c5 8. d5
Ne5 9. h3 e6 10. dxe6 fxe6 11. f4 Nxd3 12. Qxd3 Qe7 13. Rd1 Rd8 14. e5 Ne8 15.
Ne4 d5 16. N2c3 d4 17. Nb5 Bd7 18. Nbd6 Bc6 19. Bd2 Nxd6 20. Nxd6 b6 21. Rf1
Rxd6 22. exd6 Qxd6 23. Rae1 Rf8 24. b3 Bf6 25. Re2 Bb7 26. Be1 Rf7 27. Bg3 Qc6
28. Rd1 Re7 29. Qd2 Kg7 30. Qe1 Qd7 31. Rd3 Qc6 32. Bh4 Bxh4 33. Qxh4 Rf7 34.
Qg5 Rf6 35. Qe5 Kf7 36. h4 h5 37. Qg5 Kg7 38. Rg3 Qd7 39. Qe5 Kf7 40. Rd2 Qc6
41. b4 Qe4 42. bxc5 bxc5 43. Rb2 Qc6 44. Qb8 Bc8 45. Qxa7+ Kg8 46. Qe7 1-0

[Event "Aarhus CC 100 ann op"]
[Site "Aarhus"]
[Date "2003.09.04"]
[Round "4"]
[White "Hansen, Bjarne"]
[Black "Rendboe, John Filip"]
[Result "0-1"]
[WhiteElo "2230"]
[BlackElo "2239"]
[PlyCount "138"]
[EventDate "2003.08.??"]
[EventType "swiss"]
[EventRounds "7"]
[EventCountry "DEN"]
[SourceTitle "EXT 2006"]
[Source "ChessBase"]
[SourceDate "2005.11.24"]

1. d4 Nf6 2. c4 e6 3. Nf3 d5 4. Nc3 c5 5. cxd5 cxd4 6. Qxd4 exd5 7. e4 Nc6 8.
Bb5 dxe4 9. Qxd8+ Kxd8 10. Ng5 Ke8 11. O-O Bd7 12. Re1 Be7 13. Ngxe4 Nxe4 14.
Nxe4 Be6 15. f4 Kf8 16. Be3 a6 17. Bxc6 bxc6 18. Rac1 Bxa2 19. f5 f6 20. Bc5
Bxc5+ 21. Nxc5 Bd5 22. Ne6+ Kf7 23. Re3 Rhe8 24. Rce1 g6 25. Nf4 gxf5 26. Kf2
Rxe3 27. Rxe3 Rb8 28. Re2 Rb4 29. g3 Rd4 30. Rc2 Be4 31. Re2 a5 32. Ke3 Rb4 33.
Rd2 Ke7 34. Ke2 a4 35. Nd3 Rb5 36. Ke3 Bxd3 37. Rxd3 Rxb2 38. Kd4 Rb3 39. Rd2
a3 40. Ra2 Kd6 41. Kc4 Rf3 42. Rd2+ Kc7 43. Kb4 h5 44. Re2 Kb6 45. Re8 a2 46.
Ra8 Rf2 47. h4 Rg2 48. Ra3 Rxg3 49. Rxa2 Rg4+ 50. Kc3 Rxh4 51. Rf2 f4 52. Kd4
f3+ 53. Ke3 Rb4 54. Kxf3 f5 55. Ke3 f4+ 56. Kf3 Kb5 57. Rh2 Rd4 58. Rb2+ Kc4
59. Rc2+ Kd5 60. Rh2 c5 61. Rxh5+ Kc4 62. Ke2 Kb4 63. Rh8 c4 64. Rb8+ Kc3 65.
Rf8 Kc2 66. Rb8 c3 67. Rb7 Kc1 68. Ke1 c2 69. Rb3 Re4+ 0-1

[Event "Aarhus CC 100 ann op"]
[Site "Aarhus"]
[Date "2003.08.30"]
[Round "2"]
[White "Hermansson, Emil"]
[Black "Rasmussen, Karsten"]
[Result "1/2-1/2"]
[WhiteElo "2386"]
[BlackElo "2437"]
[PlyCount "116"]
[EventDate "2003.08.??"]
[EventType "swiss"]
[EventRounds "7"]
[EventCountry "DEN"]
[SourceTitle "EXT 2006"]
[Source "ChessBase"]
[SourceDate "2005.11.24"]

1. e4 c6 2. d4 d5 3. Nd2 dxe4 4. Nxe4 Bf5 5. Ng3 Bg6 6. h4 h6 7. Nf3 Nd7 8. h5
Bh7 9. Bd3 Bxd3 10. Qxd3 e6 11. Bf4 Ngf6 12. O-O-O Be7 13. Kb1 Qa5 14. Ne4 Nxh5
15. Bd6 Nhf6 16. Nfd2 Nxe4 17. Nxe4 Nf6 18. Bxe7 Kxe7 19. Nc5 Qc7 20. Rh3 b6
21. Ne4 Nxe4 22. Qxe4 Rad8 23. c4 Rd7 24. Rhd3 Rhd8 25. a3 b5 26. cxb5 cxb5 27.
d5 Qc4 28. Rd4 Qc5 29. Rc1 Qb6 30. Rc6 Qb7 31. Qe5 Rxd5 32. Rc7+ Qxc7 33. Qxc7+
R8d7 34. Qg3 Rxd4 35. Qxg7 b4 36. Ka2 bxa3 37. Kxa3 Rd3+ 38. Ka2 R7d5 39. Qxh6
R3d4 40. Qc1 a5 41. Qc7+ Kf6 42. Qc3 e5 43. g4 Ra4+ 44. Kb1 Rd1+ 45. Kc2 Rdd4
46. Qc6+ Kg7 47. Qe8 Rac4+ 48. Kb1 Rd5 49. g5 Rcc5 50. g6 Kxg6 51. Qg8+ Kf6 52.
Qh8+ Ke7 53. Qh4+ Ke6 54. Qh6+ Kd7 55. Qf6 Rd6 56. Qxf7+ Kc6 57. f4 exf4 58.
Qxf4 Rcd5 1/2-1/2

[Event "Aarhus CC 100 ann op"]
[Site "Aarhus"]
[Date "2003.09.07"]
[Round "7"]
[White "Hermansson, Emil"]
[Black "Matthiesen, Arne"]
[Result "1-0"]
[WhiteElo "2386"]
[BlackElo "2282"]
[PlyCount "107"]
[EventDate "2003.08.??"]
[EventType "swiss"]
[EventRounds "7"]
[EventCountry "DEN"]
[SourceTitle "EXT 2006"]
[Source "ChessBase"]
[SourceDate "2005.11.24"]

1. e4 g6 2. d4 Bg7 3. Nc3 d6 4. Be3 a6 5. Qd2 b5 6. a4 b4 7. Nd1 a5 8. c3 bxc3
9. bxc3 Nf6 10. f3 c6 11. Bh6 Bxh6 12. Qxh6 Nbd7 13. Nh3 e5 14. Nhf2 Qb6 15.
dxe5 dxe5 16. Bd3 Ba6 17. Rb1 Qc5 18. Bxa6 Rxa6 19. O-O Rb6 20. Rxb6 Qxb6 21.
Ne3 Ke7 22. Neg4 Nh5 23. Rd1 Qc5 24. Qg5+ f6 25. Qd2 Nb6 26. g3 Ng7 27. Qh6 Ne6
28. Qh4 Nd7 29. Rxd7+ Kxd7 30. Qxf6 Re8 31. Kg2 Kc7 32. Nd3 Qd6 33. Ngxe5 g5
34. Qf5 Re7 35. f4 gxf4 36. gxf4 Rg7+ 37. Kf3 Nc5 38. Ke3 Rd7 39. h4 Rg7 40.
Qh3 Nxd3 41. Nxd3 Qa3 42. f5 Qd6 43. e5 Qh6+ 44. Ke4 Qd2 45. f6 Qe2+ 46. Kf5
Rd7 47. Nf4 Qc2+ 48. Kg5 Qe4 49. Qf5 Qe3 50. f7 Qg3+ 51. Kh5 Qf3+ 52. Kh6 Qg3
53. f8=Q Qxh4+ 54. Nh5 1-0

[Event "Aarhus CC 100 ann op"]
[Site "Aarhus"]
[Date "2003.09.05"]
[Round "5"]
[White "Hermansson, Emil"]
[Black "Fries Nielsen, Jens Ove"]
[Result "1/2-1/2"]
[WhiteElo "2386"]
[BlackElo "2453"]
[PlyCount "47"]
[EventDate "2003.08.??"]
[EventType "swiss"]
[EventRounds "7"]
[EventCountry "DEN"]
[SourceTitle "EXT 2006"]
[Source "ChessBase"]
[SourceDate "2005.11.24"]

1. e4 e6 2. d4 d5 3. Nc3 Nf6 4. Bg5 dxe4 5. Nxe4 Be7 6. Bxf6 Bxf6 7. Nf3 Bd7 8.
Bc4 Bc6 9. Qe2 Be7 10. O-O O-O 11. Rad1 Bd5 12. Bd3 Nd7 13. c4 Bc6 14. Bb1 Nf6
15. d5 exd5 16. cxd5 Nxd5 17. Nc3 Nxc3 18. Qc2 Nxb1 19. Rxd8 Raxd8 20. Rxb1 Bf6
21. Re1 Rfe8 22. Rxe8+ Rxe8 23. h4 h6 24. b3 1/2-1/2

[Event "Aarhus CC 100 ann op"]
[Site "Aarhus"]
[Date "2003.08.29"]
[Round "1"]
[White "Hermansson, Emil"]
[Black "Rendboe, John Filip"]
[Result "1-0"]
[WhiteElo "2386"]
[BlackElo "2239"]
[PlyCount "71"]
[EventDate "2003.08.??"]
[EventType "swiss"]
[EventRounds "7"]
[EventCountry "DEN"]
[SourceTitle "EXT 2006"]
[Source "ChessBase"]
[SourceDate "2005.11.24"]

1. e4 c5 2. Nf3 Nc6 3. Nc3 e5 4. Bc4 Be7 5. d3 d6 6. Nd2 Bg5 7. h4 Bh6 8. Qh5
g6 9. Qd1 Nf6 10. Nf1 Bxc1 11. Qxc1 Be6 12. Qh6 Nd4 13. Ne3 Qe7 14. f4 O-O-O
15. fxe5 dxe5 16. Qg5 Bxc4 17. O-O h6 18. Qxf6 Qxf6 19. Rxf6 Be6 20. Ncd5 Rd7
21. Raf1 g5 22. R1f2 gxh4 23. Kh2 h5 24. Nc3 Rg8 25. Rh6 Rg5 26. Ncd5 Rd8 27.
Nf6 Bxa2 28. b3 Ne6 29. Nfd5 Rd7 30. Nc3 Bxb3 31. cxb3 Nf4 32. Ncd5 Rg3 33. b4
Nxd3 34. Rd2 c4 35. Nxc4 b5 36. Nd6+ 1-0

[Event "Aarhus CC 100 ann op"]
[Site "Aarhus"]
[Date "2003.09.04"]
[Round "4"]
[White "Hoiberg, Nina"]
[Black "Hagesaether, Torill"]
[Result "1-0"]
[WhiteElo "2217"]
[BlackElo "2051"]
[PlyCount "51"]
[EventDate "2003.08.??"]
[EventType "swiss"]
[EventRounds "7"]
[EventCountry "DEN"]
[SourceTitle "EXT 2006"]
[Source "ChessBase"]
[SourceDate "2005.11.24"]

1. e4 e5 2. Nf3 Nc6 3. d4 exd4 4. Bc4 Nf6 5. e5 d5 6. Bb5 Ne4 7. Nxd4 Bc5 8.
Be3 Bd7 9. Bxc6 bxc6 10. O-O Qe7 11. Re1 O-O 12. f3 Ng5 13. f4 Ne4 14. c3 Bb6
15. Nd2 Nxd2 16. Qxd2 Rad8 17. Qf2 Rb8 18. Rad1 a5 19. Kh1 a4 20. f5 Qxe5 21.
Nxc6 Bxc6 22. Bxb6 Qf6 23. Bd4 Qh6 24. f6 gxf6 25. Re3 Rfe8 26. Rh3 1-0

[Event "Aarhus CC 100 ann op"]
[Site "Aarhus"]
[Date "2003.08.30"]
[Round "2"]
[White "Hoiberg, Nina"]
[Black "Stovring, Claus"]
[Result "0-1"]
[WhiteElo "2217"]
[BlackElo "2068"]
[PlyCount "108"]
[EventDate "2003.08.??"]
[EventType "swiss"]
[EventRounds "7"]
[EventCountry "DEN"]
[SourceTitle "EXT 2006"]
[Source "ChessBase"]
[SourceDate "2005.11.24"]

1. e4 e5 2. Nf3 Nf6 3. Nc3 Nc6 4. Bc4 d6 5. Ng5 d5 6. exd5 Na5 7. Bb5+ c6 8.
dxc6 bxc6 9. Be2 h6 10. Nge4 Nd5 11. d3 Be7 12. Bg4 O-O 13. Bxc8 Qxc8 14. f3 f5
15. Nf2 Bc5 16. O-O Qb8 17. Qe2 Re8 18. Re1 Qc7 19. Bd2 Nb7 20. Qf1 Bd6 21. g3
Nc5 22. Qh3 Qf7 23. Ncd1 Ne6 24. c3 Rab8 25. b3 Qg6 26. Qg2 Ng5 27. Ne3 Nxe3
28. Bxe3 f4 29. Bd2 Bc5 30. Rad1 Bxf2+ 31. Kxf2 Qxd3 32. gxf4 exf4 33. Bxf4
Qc2+ 34. Rd2 Qxc3 35. Rxe8+ Rxe8 36. Bxg5 Qc5+ 37. Kg3 Qxg5+ 38. Kh3 Qh5+ 39.
Kg3 Qg5+ 40. Kh3 Qh5+ 41. Kg3 Re6 42. Rd8+ Kh7 43. Qd2 Rg6+ 44. Kf2 Qxh2+ 45.
Ke3 Re6+ 46. Kd3 Rd6+ 47. Rxd6 Qxd6+ 48. Kc2 Qxd2+ 49. Kxd2 Kg6 50. b4 Kf5 51.
a4 h5 52. b5 cxb5 53. axb5 Kf4 54. Ke2 Kg3 0-1

[Event "Aarhus CC 100 ann op"]
[Site "Aarhus"]
[Date "2003.09.06"]
[Round "6"]
[White "Hoiberg, Nina"]
[Black "Petersen, Tom Petri"]
[Result "1/2-1/2"]
[WhiteElo "2217"]
[BlackElo "2194"]
[PlyCount "85"]
[EventDate "2003.08.??"]
[EventType "swiss"]
[EventRounds "7"]
[EventCountry "DEN"]
[SourceTitle "EXT 2006"]
[Source "ChessBase"]
[SourceDate "2005.11.24"]

1. e4 g6 2. d4 Bg7 3. Nc3 Nc6 4. Nf3 d6 5. Bc4 a6 6. Be3 b5 7. Bb3 Na5 8. e5
Nxb3 9. axb3 Bb7 10. e6 fxe6 11. Ng5 Qd7 12. Qg4 Nf6 13. Qxe6 Qxe6 14. Nxe6 Kf7
15. Nxg7 Kxg7 16. O-O Rhf8 17. Rfe1 Rae8 18. b4 Ng4 19. f3 Nf6 20. Bd2 h6 21.
Re3 Rf7 22. Rae1 Nd5 23. Nxd5 Bxd5 24. Ra1 Ra8 25. b3 e6 26. Rc1 Re7 27. c4 Bb7
28. d5 Rae8 29. Bc3+ Kg8 30. Bf6 Rf7 31. Bh4 g5 32. Bg3 Rfe7 33. dxe6 bxc4 34.
bxc4 Rxe6 35. Rxe6 Rxe6 36. c5 dxc5 37. Rxc5 Rb6 38. Be1 Rc6 39. Rxc6 Bxc6 40.
Bg3 Kf7 41. Kf2 Kg6 42. Bxc7 h5 43. g3 1/2-1/2

[Event "Aarhus CC 100 ann op"]
[Site "Aarhus"]
[Date "2003.09.07"]
[Round "7"]
[White "Jacobsen, Bo"]
[Black "Lindfeldt, Jan Magnus"]
[Result "1-0"]
[WhiteElo "2234"]
[BlackElo "2252"]
[PlyCount "69"]
[EventDate "2003.08.??"]
[EventType "swiss"]
[EventRounds "7"]
[EventCountry "DEN"]
[SourceTitle "EXT 2006"]
[Source "ChessBase"]
[SourceDate "2005.11.24"]

1. g3 g6 2. Bg2 Bg7 3. e4 e5 4. Nc3 Ne7 5. d3 O-O 6. Be3 c6 7. Qd2 d5 8. Bh6 f5
9. Bxg7 Kxg7 10. exd5 cxd5 11. d4 e4 12. Nge2 Nd7 13. O-O Nf6 14. a4 h6 15. b3
Be6 16. Nd1 Rc8 17. Ne3 Qd6 18. f3 h5 19. Nf4 g5 20. Nxe6+ Qxe6 21. fxe4 Nxe4
22. Bxe4 fxe4 23. c4 dxc4 24. bxc4 Nf5 25. Rxf5 Rxf5 26. Nxf5+ Qxf5 27. Rf1 Qg6
28. d5 Rxc4 29. d6 Rc6 30. Qd4+ Kh7 31. d7 Rd6 32. d8=Q Rxd8 33. Qxd8 Qb6+ 34.
Qxb6 axb6 35. Re1 1-0

[Event "Aarhus CC 100 ann op"]
[Site "Aarhus"]
[Date "2003.08.31"]
[Round "3"]
[White "Jacobsen, Bo"]
[Black "Rossen, Claus"]
[Result "1/2-1/2"]
[WhiteElo "2234"]
[BlackElo "2202"]
[PlyCount "80"]
[EventDate "2003.08.??"]
[EventType "swiss"]
[EventRounds "7"]
[EventCountry "DEN"]
[SourceTitle "EXT 2006"]
[Source "ChessBase"]
[SourceDate "2005.11.24"]

1. g3 c5 2. Bg2 Nf6 3. c4 d5 4. cxd5 Nxd5 5. Qb3 Nb6 6. a4 e6 7. a5 Nd5 8. d3
Nc6 9. Bd2 Be7 10. Nf3 O-O 11. O-O Rb8 12. Rc1 Ndb4 13. Qa4 Bd7 14. Nc3 Nd4 15.
Qd1 Bc6 16. Nxd4 cxd4 17. Ne4 f5 18. Bxb4 Bxb4 19. Qb3 fxe4 20. Qxb4 exd3 21.
exd3 Bxg2 22. Kxg2 Qd5+ 23. Kg1 Rbc8 24. Rxc8 Rxc8 25. Qe7 h6 26. Re1 Rc2 27.
Rxe6 Qf5 28. Re2 Rc1+ 29. Kg2 Qxd3 30. Qe8+ Kh7 31. Qe4+ Qxe4+ 32. Rxe4 Rc2 33.
Rxd4 Rxb2 34. Rd7 a6 35. h4 h5 36. Kf3 Rb5 37. Kf4 Rxa5 38. Rxb7 Kh6 39. Ke4
Ra2 40. f3 Ra4+ 1/2-1/2

[Event "Aarhus CC 100 ann op"]
[Site "Aarhus"]
[Date "2003.09.04"]
[Round "4"]
[White "Jacobsen, Bo"]
[Black "Petersen, Tom Petri"]
[Result "0-1"]
[WhiteElo "2234"]
[BlackElo "2194"]
[PlyCount "70"]
[EventDate "2003.08.??"]
[EventType "swiss"]
[EventRounds "7"]
[EventCountry "DEN"]
[SourceTitle "EXT 2006"]
[Source "ChessBase"]
[SourceDate "2005.11.24"]

1. g3 g6 2. Bg2 Bg7 3. e4 d6 4. Nc3 c5 5. d3 Nc6 6. Be3 e6 7. Qd2 Nd4 8. f4 Ne7
9. Nd1 e5 10. c3 Ne6 11. fxe5 dxe5 12. Nf2 O-O 13. Bh6 f6 14. Bxg7 Kxg7 15. Nf3
b6 16. O-O a5 17. Rad1 Ba6 18. Ng4 Ng8 19. Ne3 Ra7 20. Bh3 Qd6 21. Qc2 Raf7 22.
Qb3 Nc7 23. Rf2 Qc6 24. a4 Ne7 25. Ng4 c4 26. Qa2 cxd3 27. Nd2 Qc5 28. Re1 Bc8
29. Kg2 h5 30. Ne3 Bxh3+ 31. Kxh3 h4 32. Rf3 Qc6 33. Ng4 Ne6 34. Rxd3 Qe8 35.
Kg2 Nc5 0-1

[Event "Aarhus CC 100 ann op"]
[Site "Aarhus"]
[Date "2003.09.04"]
[Round "4"]
[White "Jensen, Jacob Bjerre"]
[Black "Pedersen, Steffen"]
[Result "1/2-1/2"]
[WhiteElo "2194"]
[BlackElo "2416"]
[PlyCount "44"]
[EventDate "2003.08.??"]
[EventType "swiss"]
[EventRounds "7"]
[EventCountry "DEN"]
[SourceTitle "EXT 2006"]
[Source "ChessBase"]
[SourceDate "2005.11.24"]

1. d4 d5 2. c4 c6 3. Nc3 Nf6 4. e3 a6 5. Nf3 b5 6. b3 Bg4 7. Be2 e6 8. O-O Nbd7
9. h3 Bh5 10. Ne5 Bxe2 11. Nxe2 Qc7 12. Bb2 Bd6 13. cxd5 cxd5 14. Rc1 Qb8 15.
Nxd7 Kxd7 16. f3 Qb7 17. Qd2 Rhc8 18. Nf4 Rxc1 19. Rxc1 Bxf4 20. exf4 Rc8 21.
f5 Rxc1+ 22. Qxc1 h6 1/2-1/2

[Event "Aarhus CC 100 ann op"]
[Site "Aarhus"]
[Date "2003.08.29"]
[Round "1"]
[White "Jensen, Jacob Bjerre"]
[Black "Skytte, Rasmus"]
[Result "0-1"]
[WhiteElo "2194"]
[BlackElo "2404"]
[PlyCount "52"]
[EventDate "2003.08.??"]
[EventType "swiss"]
[EventRounds "7"]
[EventCountry "DEN"]
[SourceTitle "EXT 2006"]
[Source "ChessBase"]
[SourceDate "2005.11.24"]

1. d4 d5 2. c4 dxc4 3. Nf3 Nf6 4. Nc3 a6 5. e4 b5 6. e5 Nd5 7. a4 e6 8. axb5
Nb6 9. Bg5 Qd7 10. Be2 axb5 11. Rxa8 Nxa8 12. Qa1 Nb6 13. Qa5 h6 14. Bh4 b4 15.
Nd1 Nc6 16. Qb5 Qd5 17. Qxd5 exd5 18. Ne3 Be6 19. h3 b3 20. O-O Bb4 21. Rd1 Na5
22. Nh2 Na4 23. Rb1 O-O 24. f4 c3 25. bxc3 Nxc3 26. Rb2 Ba3 0-1